Pays-Bas... Ou Pays Basque ? - Statistiques

Statistiques générales
  • Ce quiz a été pris 1 079 fois
    1 075 depuis la dernière actualisation
  • Le résultat moyen est 11 sur 15
Statistiques - réponses
Question Réponse % Correct
Peut aussi être appelé Euskal Herria Pays Basque
96%
A la tulipe pour symbole Pays-Bas
93%
Est un royaume Pays-Bas
92%
Donne son nom à une région d'Espagne Pays Basque
92%
Produit les bières Heineken Pays-Bas
91%
Le Flevoland en est une subdivision Pays-Bas
90%
A un accès à la mer Les deux
83%
Est le lieu d'origine d'un présentateur de "Faites entrer l'accusée" Pays Basque
78%
A un village nommé Putte Pays-Bas
76%
A connu un âge d'or au XVIIe siècle Pays-Bas
62%
Est le lieu d'origine d'au moins un footballeur vainqueur du Ballon d'Or Pays-Bas
58%
La majeure partie de la population croyante est catholique Les deux
55%
Est célèbre pour son fromage de Roncal Pays Basque
51%
Est traversé par L'Escaut Pays-Bas
47%
Est le lieu d'origine d'au moins un footballeur vainqueur de la Coupe du monde Pays Basque
46%
Aucun quiz correspondant
Distribution des résultats
% des personnes avec chaque résultat
Percentile par nombre de réponses
Votre historique - résultats
Vous n’avez pas pris ce quiz depuis la dernière actualisation